Educación reproductiva y paternidad responsable en el Istmo Centroamericano /
Պահպանված է:
| Համատեղ հեղինակներ: | , |
|---|---|
| Ձևաչափ: | Տեքստ |
| Հրապարակվել է: |
México, D.F:
UNFIP. CEPAL. ONU
|
| Ցուցիչներ: |
Ավելացրեք ցուցիչ
Չկան պիտակներ, Եղեք առաջինը, ով նշում է այս գրառումը!
|
MARC
| LEADER | 00000 a a2200000 04500 | ||
|---|---|---|---|
| 001 | 28686 | ||
| 003 | |||
| 040 | |||
| 090 | |a 183102 | ||
| 110 | |a Fondo de las Naciones Unidas para las Contribuciones Económicas para América Latina y el Caribe | ||
| 245 | |a Educación reproductiva y paternidad responsable en el Istmo Centroamericano / |c Fondo de las Naciones Unidas para las Contribuciones Económicas para América Latina y el Caribe | ||
| 260 | |a México, D.F: |b UNFIP. CEPAL. ONU | ||
| 300 | |a 45O p | ||
| 710 | |a UNFIP |a CEPAL | ||
| 999 | |c 13067 |d 13067 | ||
